Cestovný ruch v orgánoch Európskej únie

Od r. 1989 venujú inštitúcie Európskej únie pozornosť cestovnému ruchu ako faktoru zamestnanosti, stimulovania hospodárskeho rastu, regionálneho rozvoja, a tým aj nástroja súdržnosti vnútorného trhu EÚ. Zároveň prispieva CR k porozumeniu medzi národmi. Cestovný ruch je najrýchlejšie sa rozvíjajúce o...

Celý popis

Uložené v:
Podrobná bibliografia
Hlavný autor: Gúčik, Marián
Médium: Kapitola
Jazyk:Slovak
Predmet:
Tagy: Pridať tag
Žiadne tagy, Buďte prvý, kto otaguje tento záznam!

MARC

LEADER 00000naa a2200000 4500
001 r017939
005 20221205101455.6
041 0 |a slo 
044 |a SK 
245 1 0 |a Cestovný ruch v orgánoch Európskej únie  |c M. Gúčik 
520 |a Od r. 1989 venujú inštitúcie Európskej únie pozornosť cestovnému ruchu ako faktoru zamestnanosti, stimulovania hospodárskeho rastu, regionálneho rozvoja, a tým aj nástroja súdržnosti vnútorného trhu EÚ. Zároveň prispieva CR k porozumeniu medzi národmi. Cestovný ruch je najrýchlejšie sa rozvíjajúce odvetvie svetovej ekonomiky. 
610 2 0 |a ruch cestovný 
610 2 0 |a Európska únia 
610 2 0 |a Európa 
610 2 0 |a hospodárstvo svetové 
610 2 0 |a rozvoj hospodársky 
610 2 0 |a trh vnútorný 
100 1 |a Gúčik, Marián